00883cam a2200241 a 45000010008000000030005000080050017000130080041000300100017000710200015000880400018001030430012001210500031001330820022001641100056001862450199002422600040004413000028004815050027005096100056005366500027005927000022006191337920NUST20221202184748.0800108s1980 nyu i s000 0 eng  a 79028724  a0080238882 aDLCcDLCdDLC an-us-az00aZ5853.S63bA74 1980aTJ81000a026.62147,MAC2212 aArizona State University.bSolar Energy Collection.10aSolar energy index /cthe Arizona State University Solar Energy Collection ; compiled by and published in cooperation with the Arizona State University ; George Machovec, solar energy librarian. aNew York :bPergamon Press,cc1980. alxiii, 942 p. ;c29 cm. aContents not available20aArizona State University.bSolar Energy Collection. 0aSolar energyxIndexes.1 aMachovec, George.